00436nam a22000977a 4500008004100000082001900041100015000060245005800210260005700268300001300325230602b xxu||||| |||| 00| 0 eng d a259.67622bNCC cNational Council Of Churches of Kenya And Kenya Episcopal Conference- Catholic Justice and Peace Commissionence-Catholic Justice And Peace d2006 aOur Youth, Our HopebIssues Facing The Youth In Kenya aNairobibNational Council Of Churches Of Kenyac2006 a62 pages